<?xml version="1.0" encoding="UTF-8"?>
<marc:record xmlns:marc="http://www.loc.gov/MARC21/slim">
   <marc:leader>00000nam a2200000 a 4500</marc:leader>
   <marc:datafield ind1="1" ind2=" " tag="100">
      <marc:subfield code="a">Kröner, Matthias</marc:subfield>
      <marc:subfield code="4">aut</marc:subfield>
      <marc:subfield code="e">Verfasser/-in</marc:subfield>
   </marc:datafield>
   <marc:datafield ind1="0" ind2="0" tag="245">
      <marc:subfield code="a">Der Billabongkönig</marc:subfield>
   </marc:datafield>
   <marc:datafield ind1="0" ind2="0" tag="245">
      <marc:subfield code="c">Matthias Kröner</marc:subfield>
   </marc:datafield>
   <marc:datafield ind1=" " ind2="1" tag="264">
      <marc:subfield code="a">Weinheim</marc:subfield>
      <marc:subfield code="b">Beltz &amp; Gelberg</marc:subfield>
      <marc:subfield code="c">2022</marc:subfield>
   </marc:datafield>
   <marc:datafield ind1="1" ind2=" " tag="520">
      <marc:subfield code="a">Angaben aus der Verlagsmeldung

Der Billabongkönig : Mit vierfarbigen Bildern von Mina Braun Der Billabongkönig / von Matthias Kröner

»Billabong« sagen die australischen Ureinwohner zu einem Wasserloch oder Seitenarm eines Flusses. Hier lauern die Krokodile, die Billabongkönige. Einer von ihnen ist Ben. Stolzer Herrscher über seinen Sumpf, selbstgerecht, ein Macho mit dem Herz am rechten Fleck. Als Ben eines Tages auf Hilfe angewiesen ist, gerät er in beißende Bedrängnis. Er soll als Gegenleistung eine Tat vollbringen, die seinen moralischen Kompass erzittern lässt.
Eine fabelhafte Geschichte über Machtmissbrauch, darüber, was ein gutes Leben ausmacht und wie man aus einer vertrackten Situation wieder herauskommt, wenn man sich selbst treu bleibt.
</marc:subfield>
   </marc:datafield>
   <marc:datafield ind1=" " ind2=" " tag="020">
      <marc:subfield code="a">9783407756411</marc:subfield>
      <marc:subfield code="9">9783407756411</marc:subfield>
   </marc:datafield>
   <marc:datafield ind1=" " ind2=" " tag="020">
      <marc:subfield code="a">3407756410</marc:subfield>
      <marc:subfield code="9">3407756410</marc:subfield>
   </marc:datafield>
   <marc:datafield ind1=" " ind2=" " tag="041">
      <marc:subfield code="a">ger</marc:subfield>
   </marc:datafield>
   <marc:datafield ind1=" " ind2=" " tag="300">
      <marc:subfield code="a">162 Seiten</marc:subfield>
   </marc:datafield>
</marc:record>
